|
|
|
|
| LEADER |
00000naa a2200000 a 4500 |
| 001 |
vtls010252900 |
| 003 |
SK-MaSNL |
| 005 |
20260319074725.0 |
| 008 |
110302 c2005 xo o e ge |
| 015 |
|
|
|a SNBRA2006/03
|
| 035 |
|
|
|a SVKKK000058507
|
| 038 |
|
|
|a SVKKK
|
| 040 |
|
|
|a SVKKK
|b slo
|c SVKKK
|e AACR2
|
| 041 |
0 |
|
|a ger
|
| 044 |
|
|
|a xo
|c SK
|
| 080 |
|
|
|a 785-051
|2 1997
|
| 080 |
|
|
|a 929 Nepomuk Hummel, Johann
|2 1997
|
| 100 |
1 |
|
|a Schächer, Raimund
|4 aut
|9 638970
|
| 245 |
1 |
0 |
|a Johann Nepomuk Hummel (1778-1837) :
|b Biographie und Werkverzeichnis
|c Raimund Schächer
|
| 300 |
|
|
|b Obr.
|
| 504 |
|
|
|a Bibliogr. odkazy
|
| 600 |
1 |
7 |
|a Nepomuk Hummel, Johann,
|d 1778-1837
|2 snkbucl
|9 616050
|
| 650 |
0 |
7 |
|a hudobní skladatelia
|2 snkbucl
|9 3188
|
| 773 |
0 |
|
|t Karpatenjahrbuch 2006
|d Kežmarok : ViViT s.r.o., 2005
|z 80-88903-78-5
|g Roč. 57, s. 82-93
|q 57
|
| 852 |
|
|
|a SVKKK
|b BIB
|
| 958 |
|
|
|a NB
|
| 999 |
|
|
|c 1332259
|d 1334189
|